| 000 | 01176nam a2200337 4500 | ||
|---|---|---|---|
| 003 | OSt | ||
| 005 | 20260601193906.0 | ||
| 008 | 260520b2022 si a|||| |||| 00| 0 eng d | ||
| 020 | _a9789815081053 | ||
| 020 | _a9815081055 | ||
| 040 |
_aICI _bspa _cICI |
||
| 041 | _aENG | ||
| 050 |
_aSB466.S55 _bT36 2022 |
||
| 100 | 1 |
_aTan, Audrey, _eautor _934551 |
|
| 245 |
_aA Blossoming City Garden : _bYears of Gardens By The Bay / _cAudrey Tan. |
||
| 264 |
_aSingapore : _bStraits Times Press, _c2022. |
||
| 300 | _a188 paginas. | ||
| 336 |
_2rdacontent _atexto |
||
| 337 |
_2rdamedia _asin medio |
||
| 338 |
_2rdacarrier _avolumen |
||
| 500 | _aPublicado con motivo del décimo aniversario de Gardens by the Bay. | ||
| 610 |
_aGardens by the Bay (Singapur) _934552 |
||
| 650 |
_aJardines urbanos _zSingapur. _934553 |
||
| 650 |
_aParques urbanos _zSingapur. _934554 |
||
| 650 |
_aArquitectura del paisaje _zSingapur. _934555 |
||
| 650 |
_aJardines botánicos _zSingapur. _934556 |
||
| 650 |
_aDesarrollo urbano sostenible _zSingapur. _934557 |
||
| 651 |
_aSingapur _xDescripción y viajes. _934558 |
||
| 700 | 1 |
_aGardens by the Bay, _eentidad asociada. _934559 |
|
| 942 |
_2lcc _n0 _cB |
||
| 999 |
_c22415 _d22415 |
||